[Event "Bad Wiessee Senioren Cup 8th"]
[Site "Bad Wiessee"]
[Date "2019.05.18"]
[Round "8"]
[White "Koehler, Gerhard"]
[Black "Krulich, Roman"]
[Result "1-0"]
[WhiteElo "2153"]
[BlackElo "2173"]
[PlyCount "131"]
[EventDate "2019.05.11"]
[EventType "swiss"]
[EventRounds "9"]
[EventCountry "GER"]
[SourceTitle "EXT 2020"]
[Source "ChessBase"]
[SourceDate "2019.10.17"]
[SourceVersion "1"]
[SourceVersionDate "2019.10.17"]
[SourceQuality "1"]

1. c4 c5 2. g3 Nc6 3. Bg2 g6 4. Nc3 Bg7 5. a3 e6 6. Rb1 a5 7. d3 Nge7 8. Bf4 d6 9. Ne4 e5 10. Bg5 h6 11. Bd2 0-0 12. e3 Be6 13. Ne2 b6 14. N4c3 d5 15. cxd5 Nxd5 16. 0-0 Qd7 17. Qc2 Rac8 18. Nxd5 Bxd5 19. Bxd5 Qxd5 20. e4 Qd7 21. Rbd1 Rfd8 22. Be3 Qg4 23. Kg2 h5 24. h3 Qe6 25. Qc4 Qd7 26. Nc3 Nd4 27. Nd5 b5 28. Qc3 Qa7 29. Bg5 Re8 30. b3 Rc6 31. a4 b4 32. Qc4 Kh7 33. Be3 Rec8 34. Rc1 Qb7 35. Bg5 f6 36. Be3 g5 37. f3 Qd7 38. Rf2 Qe6 39. Rcf1 Bh6 40. Kh2 f5 41. exf5 Nxf5 42. Qe4 Kh8 43. f4 Nxe3 44. Nxe3 exf4 45. gxf4 gxf4 46. Nf5 Qxe4 47. dxe4 Bg5 48. h4 Bd8 49. Rg2 Bc7 50. Rg5 f3+ 51. Kh3 Bf4 52. Rxh5+ Kg8 53. Ne7+ Kg7 54. Nxc8 Rxc8 55. Rxf3 Bd2 56. Rd5 Bc3 57. e5 c4 58. bxc4 Rxc4 59. Rb5 Be1 60. Rxa5 Rxh4+ 61. Kg2 Re4 62. Rb5 Bc3 63. a5 Bxe5 64. a6 Kg6 65. a7 Re2+ 66. Kf1 1-0

[Event "Ortisei Server24 op 3rd"]
[Site "Ortisei"]
[Date "2016.06.08"]
[Round "6"]
[White "Krulich, Roman"]
[Black "Gaehwiler, Gabriel"]
[Result "0-1"]
[WhiteElo "2215"]
[BlackElo "2363"]
[PlyCount "48"]
[EventDate "2016.06.04"]
[EventType "swiss"]
[EventRounds "9"]
[EventCountry "ITA"]
[SourceTitle "CBM 172 Extra"]
[Source "ChessBase"]
[SourceDate "2016.06.21"]
[SourceVersion "1"]
[SourceVersionDate "2016.06.21"]
[SourceQuality "1"]

1. e4 c5 2. c3 g6 3. d4 cxd4 4. cxd4 d5 5. Nc3 dxe4 6. Bc4 Nf6 7. Qb3 e6 8. d5 exd5 9. Nxd5 Bg7 10. Bg5 0-0 11. Rd1 Nbd7 12. Ne2 h6 13. Nxf6+ Bxf6 14. Bxh6 Qa5+ 15. Bd2 Qb6 16. Bb4 Nc5 17. Qa3 Nd3+ 18. Rxd3 exd3 19. Bxf8 dxe2 20. Bxe2 Bxb2 21. Qb4 Be6 22. Qxb6 Bc3+ 23. Kd1 axb6 24. Bh6 Rxa2 0-1

[Event "Ortisei Server24 op 3rd"]
[Site "Ortisei"]
[Date "2016.06.05"]
[Round "3"]
[White "Krulich, Roman"]
[Black "Bjerre, Jonas Buhl"]
[Result "0-1"]
[WhiteElo "2215"]
[BlackElo "2410"]
[PlyCount "96"]
[EventDate "2016.06.04"]
[EventType "swiss"]
[EventRounds "9"]
[EventCountry "ITA"]
[SourceTitle "CBM 172 Extra"]
[Source "ChessBase"]
[SourceDate "2016.06.21"]
[SourceVersion "1"]
[SourceVersionDate "2016.06.21"]
[SourceQuality "1"]

1. e4 c5 2. c3 Nf6 3. e5 Nd5 4. d4 cxd4 5. cxd4 d6 6. Nf3 e6 7. Bc4 Nc6 8. 0-0 Be7 9. Qe2 0-0 10. Nc3 Nxc3 11. bxc3 dxe5 12. dxe5 Qa5 13. Bd2 Rd8 14. Rfe1 b6 15. h4 Bb7 16. Qe4 Qa4 17. Bd3 Qxe4 18. Bxe4 Na5 19. Bxb7 Nxb7 20. Be3 Rac8 21. Bd4 Nc5 22. g3 Na4 23. Re3 Ba3 24. Rd1 Rxc3 25. Rxc3 Nxc3 26. Rd3 Nb5 27. Rb3 Nxd4 28. Nxd4 Bc5 29. Nf3 Rd1+ 30. Kg2 a5 31. Rb2 Kf8 32. Rc2 Rd5 33. Re2 b5 34. Nd2 a4 35. f4 Ke8 36. Ne4 Be7 37. Rb2 b4 38. Kf3 f5 39. exf6 gxf6 40. Ke3 Kd7 41. g4 f5 42. gxf5 exf5 43. Ng5 Bc5+ 44. Ke2 Rd4 45. Kf3 Bd6 46. Nh3 Rd3+ 47. Kg2 b3 48. Nf2 a3 0-1

[Event "Regionalliga SW 1314"]
[Site "Bayern"]
[Date "2014.04.06"]
[Round "9.1"]
[White "Moufang, Rainer"]
[Black "Krulich, Roman"]
[Result "1/2-1/2"]
[WhiteElo "2300"]
[BlackElo "2218"]
[PlyCount "36"]
[EventDate "2013.10.13"]
[EventType "team-tourn"]
[EventRounds "9"]
[EventCountry "GER"]
[SourceTitle "EXT 2015"]
[Source "ChessBase"]
[SourceDate "2014.11.20"]
[SourceVersion "1"]
[SourceVersionDate "2014.11.20"]
[SourceQuality "1"]
[WhiteTeam "Haar"]
[BlackTeam "MSA Zugzwang II"]
[WhiteTeamCountry "GER"]
[BlackTeamCountry "GER"]

1. e4 c5 2. c3 d5 3. exd5 Qxd5 4. d4 cxd4 5. cxd4 Nc6 6. Nf3 e5 7. Nc3 Bb4 8. Bd2 Bxc3 9. Bxc3 e4 10. Ne5 Nxe5 11. dxe5 Ne7 12. Qa4+ Bd7 13. Qa3 Qe6 14. Rd1 0-0 15. Rd6 Qf5 16. Bc4 Ng6 17. 0-0 Nf4 18. Bd2 Be6 1/2-1/2

[Event "Ortisei Server24 op 2nd"]
[Site "Ortisei"]
[Date "2013.06.05"]
[Round "5"]
[White "Roesch, Mario"]
[Black "Krulich, Roman"]
[Result "1-0"]
[WhiteElo "2045"]
[BlackElo "2229"]
[PlyCount "119"]
[EventDate "2013.06.01"]
[EventType "swiss"]
[EventRounds "9"]
[EventCountry "ITA"]
[SourceTitle "CBM 154 Extra"]
[Source "ChessBase"]
[SourceDate "2013.06.25"]
[SourceVersion "2"]
[SourceVersionDate "2013.06.25"]
[SourceQuality "1"]

1. e4 c5 2. Nf3 d6 3. Bb5+ Nd7 4. d4 a6 5. Bxd7+ Bxd7 6. c4 cxd4 7. Nxd4 e5 8. Ne2 h6 9. Nbc3 Nf6 10. f3 Rc8 11. Qd3 Be7 12. Be3 0-0 13. 0-0 Be6 14. b3 Nd7 15. Nd5 Bxd5 16. Qxd5 Qc7 17. Ng3 Rfd8 18. Nf5 Bf8 19. Rfd1 Nf6 20. Qd3 Kh7 21. Bf2 g6 22. Ne3 Qd7 23. Nd5 Nxd5 24. Qxd5 Kg8 25. Bb6 Re8 26. a4 Qc6 27. a5 Qxd5 28. Rxd5 f6 29. g4 Kf7 30. Kg2 Ke6 31. Kg3 Be7 32. Rad1 f5 33. exf5+ gxf5 34. Re1 Rg8 35. h3 fxg4 36. hxg4 h5 37. Rh1 hxg4 38. Rh6+ Bf6 39. fxg4 Rh8 40. Be3 Rxh6 41. Bxh6 Rh8 42. g5 Be7 43. Rd1 Kf7 44. Kg4 Kg6 45. Rf1 Rc8 46. Rf5 Rd8 47. b4 Re8 48. c5 dxc5 49. Rxe5 cxb4 50. Re6+ Kf7 51. Rb6 Bc5 52. g6+ Kg8 53. Rxb7 Rc8 54. Rg7+ Kh8 55. Rh7+ Kg8 56. Rg7+ Kh8 57. Rh7+ Kg8 58. Bg7 Rc6 59. Kf5 Bd6 60. Bf6 1-0

[Event "Baden-Baden Grenke op 1st"]
[Site "Baden-Baden"]
[Date "2013.02.13"]
[Round "7"]
[White "Vogel, Jaap"]
[Black "Krulich, Roman"]
[Result "1-0"]
[WhiteElo "2190"]
[BlackElo "2215"]
[PlyCount "45"]
[EventDate "2013.02.07"]
[EventType "swiss"]
[EventRounds "9"]
[EventCountry "GER"]
[SourceTitle "CBM 152 Extra"]
[Source "ChessBase"]
[SourceDate "2013.02.25"]
[SourceVersion "1"]
[SourceVersionDate "2013.02.25"]
[SourceQuality "1"]

1. d4 d5 2. Nf3 Nf6 3. g3 g6 4. Bg2 Bg7 5. c4 0-0 6. 0-0 Nc6 7. Ne5 Nxe5 8. dxe5 Nd7 9. cxd5 Nxe5 10. Nc3 Qd6 11. Qb3 Bd7 12. Be3 f5 13. Nb5 Bxb5 14. Qxb5 a6 15. Qb3 b5 16. Rac1 Kh8 17. Bf4 Rfb8 18. Rc2 Ra7 19. Rfc1 a5 20. Qe3 c5 21. Rxc5 Rd8 22. Rc6 Qb8 23. Rb6 1-0

[Event "Baden-Baden Grenke op 1st"]
[Site "Baden-Baden"]
[Date "2013.02.12"]
[Round "6"]
[White "Krulich, Roman"]
[Black "Iordachescu, Viorel"]
[Result "0-1"]
[WhiteElo "2215"]
[BlackElo "2610"]
[PlyCount "68"]
[EventDate "2013.02.07"]
[EventType "swiss"]
[EventRounds "9"]
[EventCountry "GER"]
[SourceTitle "CBM 152 Extra"]
[Source "ChessBase"]
[SourceDate "2013.02.25"]
[SourceVersion "1"]
[SourceVersionDate "2013.02.25"]
[SourceQuality "1"]

1. e4 c6 2. d4 d5 3. exd5 cxd5 4. Bd3 Nc6 5. c3 Qc7 6. Ne2 Bg4 7. f3 Bd7 8. Bf4 e5 9. Bg3 Bd6 10. 0-0 Nge7 11. Na3 a6 12. Nc2 0-0 13. Kh1 Rad8 14. dxe5 Nxe5 15. Ncd4 Bc8 16. Bxe5 Bxe5 17. f4 Bf6 18. Ng3 Qb6 19. Nb3 g6 20. f5 Nc6 21. fxg6 fxg6 22. Qc2 Ne5 23. Be2 h5 24. Bf3 h4 25. Ne2 Bf5 26. Qd2 Nc4 27. Qf4 Ne3 28. Rg1 g5 29. Qa4 g4 30. Qf4 Bg7 31. Ned4 Bh6 32. Qe5 Rde8 33. Bxd5+ Kh7 34. Ne6 Bxe6 0-1

[Event "Regionalliga SW 1213"]
[Site "Bayern"]
[Date "2012.11.25"]
[Round "3.2"]
[White "Krulich, Roman"]
[Black "Dehlinger, Alexander"]
[Result "1/2-1/2"]
[WhiteElo "2212"]
[BlackElo "2243"]
[PlyCount "131"]
[EventDate "2012.10.14"]
[EventType "team-tourn"]
[EventRounds "9"]
[EventCountry "GER"]
[SourceTitle "EXT 2015"]
[Source "ChessBase"]
[SourceDate "2014.11.20"]
[SourceVersion "1"]
[SourceVersionDate "2014.11.20"]
[SourceQuality "1"]
[WhiteTeam "MSA Zugzwang II"]
[BlackTeam "Garching II"]
[WhiteTeamCountry "GER"]
[BlackTeamCountry "GER"]

1. e4 c5 2. c3 Nf6 3. e5 Nd5 4. d4 cxd4 5. cxd4 d6 6. Nf3 Nc6 7. Bc4 Nb6 8. Bb5 dxe5 9. Nxe5 Bd7 10. Nxd7 Qxd7 11. Nc3 Rd8 12. Be3 e6 13. 0-0 Be7 14. Qg4 Kf8 15. Rac1 h5 16. Qf3 h4 17. h3 g6 18. Bxc6 bxc6 19. Ne4 Qd5 20. Rc2 Rh5 21. Rfc1 Rf5 22. Qg4 Rc8 23. Rc5 Qd7 24. Bg5 Qxd4 25. Rxf5 exf5 26. Bxe7+ Kxe7 27. Qxh4+ Kf8 28. Qh6+ Kg8 29. Ng5 Qg7 30. Qh4 Nd5 31. b4 Ne7 32. Qc4 Qf6 33. h4 Kg7 34. Rd1 Rc7 35. g3 Nc8 36. Qc5 Qe7 37. Qd4+ Qf6 38. Qc5 Qe7 39. Qd4+ Qf6 40. Qf4 Rb7 41. Kh2 Qe7 42. a3 Rd7 43. Rxd7 Qxd7 44. Nf3 Qd5 45. h5 Qe4 46. Qxe4 fxe4 47. Ne5 gxh5 48. Nxc6 Kf6 49. Kh3 Kg5 50. b5 f5 51. Nd4 Nb6 52. Ne6+ Kf6 53. Nf4 Kg5 54. Ne2 Na4 55. Kg2 Kg4 56. Kf1 e3 57. fxe3 Kf3 58. Nf4 Kxg3 59. Nxh5+ Kf3 60. Ng7 Kxe3 61. Nxf5+ Kd3 62. Nd6 Nc3 63. a4 Nxa4 64. Nc8 Nc3 65. Nxa7 Nxb5 66. Nxb5 1/2-1/2

[Event "Bayern-chI Bank Hofmann 16th"]
[Site "Bad Wiessee"]
[Date "2012.10.29"]
[Round "3"]
[White "Krulich, Roman"]
[Black "Khenkin, Igor"]
[Result "0-1"]
[WhiteElo "2219"]
[BlackElo "2655"]
[PlyCount "60"]
[EventDate "2012.10.27"]
[EventType "swiss"]
[EventRounds "9"]
[EventCountry "GER"]
[SourceTitle "EXT 2013"]
[Source "ChessBase"]
[SourceDate "2012.11.22"]
[SourceVersion "1"]
[SourceVersionDate "2012.11.22"]
[SourceQuality "1"]

1. e4 c5 2. c3 e6 3. d4 d5 4. exd5 exd5 5. Be3 c4 6. b3 cxb3 7. axb3 Nc6 8. Bd3 Bd6 9. Qf3 Nge7 10. Ne2 0-0 11. 0-0 Ng6 12. Qh5 f5 13. Bg5 Nce7 14. Nd2 h6 15. Bxe7 Nxe7 16. c4 dxc4 17. Bxc4+ Kh7 18. Nf3 Nc6 19. d5 g6 20. Qh4 Qxh4 21. Nxh4 Nb4 22. Nd4 a6 23. Rfe1 Bd7 24. Ne6 Rf6 25. Rad1 b5 26. Bf1 Re8 27. g4 fxg4 28. Rd4 Nc2 29. Rc1 Nxd4 30. Nxd4 Re5 0-1

[Event "Bahia Feliz op blitz"]
[Site "Bahia Feliz"]
[Date "2011.05.17"]
[Round "3"]
[White "Brito Garcia, Alfredo"]
[Black "Krulich, Roman"]
[Result "1-0"]
[WhiteElo "2330"]
[BlackElo "2225"]
[PlyCount "69"]
[EventDate "2011.05.17"]
[EventType "swiss (blitz)"]
[EventRounds "9"]
[EventCountry "ESP"]
[SourceTitle "CBM 142 Extra"]
[Source "ChessBase"]
[SourceDate "2011.06.27"]
[SourceVersion "1"]
[SourceVersionDate "2011.06.27"]
[SourceQuality "1"]

1. c4 Nf6 2. g3 g6 3. Bg2 d5 4. cxd5 Nxd5 5. Qb3 c6 6. Nc3 Nb6 7. d3 Bg7 8. Nf3 0-0 9. 0-0 Be6 10. Qc2 h6 11. Ne4 N8d7 12. Be3 Bd5 13. Nc3 Kh7 14. Nxd5 Nxd5 15. Bd2 N7b6 16. e4 Nc7 17. Bc3 Ne6 18. Bxg7 Kxg7 19. Qc3+ Kh7 20. d4 Nc7 21. Rfd1 Nb5 22. Qc2 Qd7 23. a4 Nc7 24. a5 Nc8 25. Ne5 Qe6 26. f4 Nd6 27. d5 cxd5 28. Qxc7 dxe4 29. Qd7 Qb3 30. Qxe7 Nf5 31. Qa3 Qxa3 32. Rxa3 f6 33. Nd7 Rf7 34. Bxe4 Rd8 35. Nxf6+ 1-0

[Event "Bahia Feliz op blitz"]
[Site "Bahia Feliz"]
[Date "2011.05.17"]
[Round "7"]
[White "Krulich, Roman"]
[Black "Bromberger, Stefan"]
[Result "0-1"]
[WhiteElo "2225"]
[BlackElo "2519"]
[PlyCount "76"]
[EventDate "2011.05.17"]
[EventType "swiss (blitz)"]
[EventRounds "9"]
[EventCountry "ESP"]
[SourceTitle "CBM 142 Extra"]
[Source "ChessBase"]
[SourceDate "2011.06.27"]
[SourceVersion "1"]
[SourceVersionDate "2011.06.27"]
[SourceQuality "1"]

1. e4 c5 2. c3 d5 3. exd5 Qxd5 4. d4 g6 5. Na3 cxd4 6. Nb5 Qd8 7. Bf4 Na6 8. Qa4 Bd7 9. Qxd4 Nf6 10. 0-0-0 Bg7 11. Nd6+ exd6 12. Bxd6 Qb6 13. Qe5+ Be6 14. Bb5+ Nd7 15. Bxd7+ Kxd7 16. Bc5+ Ke8 17. Qxg7 Nxc5 18. Qxh8+ Ke7 19. Qxa8 Bxa2 20. Re1+ Kf6 21. Qh8+ Kg5 22. h4+ Kh6 23. Qf8+ Kh5 24. g4+ Kxg4 25. Qc8+ f5 26. f3+ Kh5 27. Nh3 Nd3+ 28. Kd2 Qd6 29. Nf4+ Nxf4+ 30. Ke3 Ng2+ 31. Kf2 Nf4 32. Qe8 Qd2+ 33. Re2 Nd3+ 34. Kg3 Qf4+ 35. Kg2 Bd5 36. Qe3 Qg4+ 37. Kf1 Bxf3 38. Qxd3 Bxh1 0-1

[Event "San Sebastian op 34th"]
[Site "San Sebastian"]
[Date "2011.04.22"]
[Round "8"]
[White "Krulich, Roman"]
[Black "Spraggett, Kevin"]
[Result "0-1"]
[WhiteElo "2225"]
[BlackElo "2576"]
[PlyCount "164"]
[EventDate "2011.04.16"]
[EventType "swiss"]
[EventRounds "9"]
[EventCountry "ESP"]
[SourceTitle "CBM 141 Extra"]
[Source "ChessBase"]
[SourceDate "2011.05.03"]
[SourceVersion "1"]
[SourceVersionDate "2011.05.03"]
[SourceQuality "1"]

1. e4 d6 2. d4 Nf6 3. Nc3 g6 4. Be3 c6 5. a4 Nbd7 6. f3 e5 7. Nge2 Bg7 8. Qd2 0-0 9. g4 d5 10. g5 Nh5 11. exd5 cxd5 12. 0-0-0 exd4 13. Bxd4 Ne5 14. Bxe5 Bxe5 15. f4 Bg7 16. Nxd5 Bg4 17. Rg1 Be6 18. Bg2 Bxd5 19. Bxd5 Qb6 20. c3 Rad8 21. Ng3 Nxf4 22. Bxf7+ Kxf7 23. Qxf4+ Kg8 24. Qc4+ Kh8 25. Rgf1 Qe3+ 26. Kb1 Rxd1+ 27. Rxd1 Qxg5 28. Qc7 b5 29. axb5 Qxb5 30. Rd8 a5 31. Qc8 Qd3+ 32. Rxd3 Rxc8 33. Rd5 Ra8 34. Ne4 h6 35. Nd6 a4 36. Nb5 g5 37. c4 Rb8 38. Ka2 Kh7 39. Ka3 g4 40. Kxa4 Bxb2 41. c5 Rc8 42. Nd6 Ra8+ 43. Kb5 Rb8+ 44. Ka6 Ra8+ 45. Kb7 Ra5 46. Nc4 Rb5+ 47. Ka6 Rb4 48. Nd6 Bd4 49. c6 Rb6+ 50. Ka5 Rxc6 51. Rxd4 h5 52. Rd2 Kg6 53. Kb4 Rc1 54. Nc4 Kg5 55. Kc5 h4 56. Kd4 g3 57. hxg3 hxg3 58. Ne3 Kf4 59. Ng2+ Kf3 60. Nh4+ Kg4 61. Ng2 Rc8 62. Kd3 Re8 63. Re2 Rf8 64. Ke4 Rf7 65. Ne1 Rf1 66. Ke3 Kh3 67. Ng2 Kg4 68. Ne1 Rh1 69. Ng2 Rh5 70. Ne1 Ra5 71. Ng2 Ra3+ 72. Kd2 Ra4 73. Ke3 Ra8 74. Ne1 Kh3 75. Nf3 g2 76. Ng5+ Kg3 77. Ne4+ Kh2 78. Nd2 Rf8 79. Nf3+ Kg3 80. Ng1 Rf1 81. Ke4 Rxg1 82. Re3+ Kh2 0-1

[Event "Bad Woerishofen op 27th"]
[Site "Bad Woerishofen"]
[Date "2011.03.25"]
[Round "2"]
[White "Meijers, Viesturs"]
[Black "Krulich, Roman"]
[Result "1-0"]
[WhiteElo "2493"]
[BlackElo "2225"]
[PlyCount "51"]
[EventDate "2011.03.24"]
[EventType "swiss"]
[EventRounds "9"]
[EventCountry "GER"]
[SourceTitle "EXT 2012"]
[Source "ChessBase"]
[SourceDate "2011.11.24"]
[SourceVersion "1"]
[SourceVersionDate "2011.11.24"]
[SourceQuality "1"]

1. Nf3 d5 2. b3 f6 3. d4 Bf5 4. e3 Nd7 5. Bb2 Nh6 6. Nh4 Bg4 7. Be2 Bxe2 8. Qxe2 g6 9. Qb5 e6 10. Qxb7 Nf7 11. Qa6 Bd6 12. Nc3 0-0 13. Nb5 e5 14. Qc6 f5 15. Nf3 e4 16. Nd2 Qg5 17. Nxd6 cxd6 18. Qxd7 Qxg2 19. Rf1 Qg4 20. Qe6 Rac8 21. c3 Kg7 22. h3 Qh5 23. Qxd5 Ng5 24. h4 Nh3 25. Qxd6 f4 26. Qd7+ 1-0

[Event "Landesliga Sued 0910"]
[Site "Bayern"]
[Date "2010.02.07"]
[Round "6.3"]
[White "De Francesco, Klaus"]
[Black "Krulich, Roman"]
[Result "1/2-1/2"]
[WhiteElo "2256"]
[BlackElo "2170"]
[PlyCount "111"]
[EventDate "2009.10.18"]
[EventType "team-tourn"]
[EventRounds "9"]
[EventCountry "GER"]
[SourceTitle "EXT 2011"]
[Source "ChessBase"]
[SourceDate "2010.11.26"]
[SourceVersion "1"]
[SourceVersionDate "2010.11.26"]
[SourceQuality "1"]
[WhiteTeam "Weilheim"]
[BlackTeam "Muenchen Zugzwang"]
[WhiteTeamCountry "GER"]
[BlackTeamCountry "GER"]

1. d4 d5 2. c4 c6 3. Nf3 Nf6 4. e3 a6 5. Bd3 Bg4 6. Nbd2 e6 7. Qc2 Nbd7 8. b3 Bh5 9. Bb2 Bg6 10. 0-0 Be7 11. Rfe1 0-0 12. Bxg6 hxg6 13. Ne5 Bb4 14. Bc3 Bxc3 15. Qxc3 Nxe5 16. dxe5 Ng4 17. h3 Nh6 18. e4 d4 19. Qb4 Qc7 20. c5 Qxe5 21. Nf3 Qc7 22. Qxd4 Rfd8 23. Qc3 Kf8 24. Ne5 Qe7 25. Re3 Ng8 26. Rf3 Nf6 27. Qe3 Kg8 28. g4 Rf8 29. Rd1 Rad8 30. Rxd8 Qxd8 31. g5 Nd7 32. Nc4 Qe7 33. b4 e5 34. Qd2 Qe6 35. Na5 f6 36. Nxb7 fxg5 37. Rxf8+ Nxf8 38. Nd6 Qxh3 39. Qxg5 Ne6 40. Qg3 Qh5 41. f3 Nd4 42. Kg2 Ne2 43. Qg4 Nf4+ 44. Kg1 Ne2+ 45. Kf2 Nf4 46. Qxh5 gxh5 47. Kg3 g5 48. Nc4 Ng6 49. Nb6 Nf8 50. Nc8 Ng6 51. Nb6 Nf8 52. Nc4 Ng6 53. Nd6 Kf8 54. a4 Ke7 55. Nf5+ Kd7 56. Ne3 1/2-1/2